00867nam a2200217 a 450000100100000000500170001000800410002702000180006804000250008608200150011110000390012624501330016526000650029830000280036349000200039150400320041159000260044383000270046995201360049699900170063200003725220200930080236.0120321s2010 ve a r 000 0 spa d a9789807053044 aDO-SdBNPbspacBNPHU axxxxbxxxx1 aAlmeida Rodríguez, Manuel96366610aA mi barrio le ronca el mambo :bhistoria del barrio "matica abajo" de los Teques, Estado Miranda /cManuel Almeida Rodríguez. aCaracas, Venezuela :bArchivo General de la Nación,c2010. a170 p. :bil. ;c21 cm.1 aBicentenariov9 aBibliografía : p. 143-159 aInventariado, 2019/BT 0aBicentenarion9963667 001050718MOaGRbGRcHDd2012-03-21iLF1l0oxxxx xxxxp37252-10r2020-06-25w2020-06-25y1zInventariado, 2019/BTZNo se presta c36742d36742